KOHA-Header-6

Training and Development Communication for Success (Record no. 12207)

000 -LEADER
fixed length control field 00354nam a22001457a 4500
020 ## - INTERNATIONAL STANDARD BOOK NUMBER
ISBN 978-93-534-3742-8
082 ## - DEWEY DECIMAL CLASSIFICATION NUMBER
Classification number 658.31
100 ## - MAIN ENTRY--AUTHOR NAME
Personal name Steven.A.Beebe
245 ## - TITLE STATEMENT
Title Training and Development Communication for Success
250 ## - EDITION STATEMENT
Edition statement Second Edition
260 ## - PUBLICATION, DISTRIBUTION, ETC. (IMPRINT)
Place of publication New Delhi
Name of publisher Pearson
Year of publication 2019
300 ## - PHYSICAL DESCRIPTION
Number of Pages 321
650 ## - SUBJECT ADDED ENTRY--TOPICAL TERM
Topical Term Management
942 ## - ADDED ENTRY ELEMENTS (KOHA)
Koha item type Books
Holdings
Withdrawn status Lost status Collection code Permanent Location Current Location Shelving location Date acquired Full call number Accession Number Koha item type
    Management MAJU MAJU   2019-12-07 658.31 9494 Management

Powered by Koha